<?xml version="1.0" encoding="UTF-8"?>
<record
    xmlns:xsi="http://www.w3.org/2001/XMLSchema-instance"
    xsi:schemaLocation="http://www.loc.gov/MARC21/slim http://www.loc.gov/standards/marcxml/schema/MARC21slim.xsd"
    xmlns="http://www.loc.gov/MARC21/slim">

  <leader>02146nam a22002297a 4500</leader>
  <controlfield tag="008">120607t        xxu||||| |||| 00| 0 eng d</controlfield>
  <datafield tag="020" ind1=" " ind2=" ">
    <subfield code="a">9781111530259</subfield>
  </datafield>
  <datafield tag="020" ind1=" " ind2=" ">
    <subfield code="a">1111530254</subfield>
  </datafield>
  <datafield tag="050" ind1=" " ind2=" ">
    <subfield code="a">HG4026.B76</subfield>
  </datafield>
  <datafield tag="100" ind1=" " ind2=" ">
    <subfield code="a">Brigham, Eugene F.</subfield>
  </datafield>
  <datafield tag="245" ind1=" " ind2=" ">
    <subfield code="a">Intermediate financial management. /</subfield>
    <subfield code="c">Eugene F. Brigham and Phillip R. Daves.</subfield>
  </datafield>
  <datafield tag="250" ind1=" " ind2=" ">
    <subfield code="a">11th ed.</subfield>
  </datafield>
  <datafield tag="260" ind1=" " ind2=" ">
    <subfield code="a">London:</subfield>
    <subfield code="b">South-Western,</subfield>
    <subfield code="c">2013.</subfield>
  </datafield>
  <datafield tag="300" ind1=" " ind2=" ">
    <subfield code="a">xxix, 1136 p.:</subfield>
    <subfield code="b">ill.;</subfield>
  </datafield>
  <datafield tag="500" ind1=" " ind2=" ">
    <subfield code="a">Includes index.</subfield>
  </datafield>
  <datafield tag="505" ind1=" " ind2=" ">
    <subfield code="a">Contents: PART I: FUNDAMENTAL CONCEPTS.1. An Overview of Financial Management.2. Risk and Return: Part I.3. Risk and Return: Part II.4. Bond Valuation.5. Basic Stock Valuation.6. Financial Options.7. Accounting for Financial Management.8. Analysis of Financial Statements.PART II: CORPORATE VALUATION.9. Financial Planning and Forecasting Financial Statements.10. Determining the Cost of Capital.11. Corporate Value and Value-Based Management.PART III: PROJECT VALUATION.12. Capital Budgeting: Decision Criteria.13. Capital Budgeting: Estimating Cash Flows and Analyzing Risk.14. Real Options.PART IV: STRATEGIC FINANCING DECISIONS.15. Capital Structure Decisions: Part I.16. Capital Structure Decisions: Part II.17. Distributions to Shareholders: Dividends and Repurchases.PART V: TACTICAL FINANCING DECISIONS.18. Initial Public Offerings, Investment Banking, and Financial Restructuring.19. Lease Financing.20. Hybrid Financing: Preferred Stock, Warrants, and Convertibles.PART VI: WORKING CAPITAL MANAGEMENT.21. Working Capital Management.22. Providing and Obtaining Credit.23. Other Topics in Working Capital Management.PART VII: SPECIAL TOPICS.24. Derivatives and Risk Management.25. Bankruptcy, Reorganization, and Liquidation.26. Mergers, LBOs, Divestitures, and Holding Companies.27. Multinational Financial Management.WEB CHAPTERS.28. Time Value of Money.29. Basic Financial Tools: A Review.30. Pension Plan Management.31. Financial Management in Not-for-Profit Businesses.</subfield>
  </datafield>
  <datafield tag="650" ind1=" " ind2=" ">
    <subfield code="b">Financial management.</subfield>
  </datafield>
  <datafield tag="650" ind1=" " ind2=" ">
    <subfield code="b">Corporations -- Finance</subfield>
  </datafield>
  <datafield tag="650" ind1=" " ind2=" ">
    <subfield code="b">Business enterprises -- Finance.</subfield>
  </datafield>
  <datafield tag="700" ind1=" " ind2=" ">
    <subfield code="a">Daves, Phillip R.</subfield>
  </datafield>
  <datafield tag="942" ind1=" " ind2=" ">
    <subfield code="2">lcc</subfield>
    <subfield code="c">BK</subfield>
  </datafield>
  <datafield tag="999" ind1=" " ind2=" ">
    <subfield code="c">7480</subfield>
    <subfield code="d">14980</subfield>
  </datafield>
  <datafield tag="952" ind1=" " ind2=" ">
    <subfield code="0">0</subfield>
    <subfield code="1">0</subfield>
    <subfield code="2">lcc</subfield>
    <subfield code="4">0</subfield>
    <subfield code="7">0</subfield>
    <subfield code="a">WIUC-KL</subfield>
    <subfield code="b">WIUC-KL</subfield>
    <subfield code="c">GEN</subfield>
    <subfield code="d">2019-11-15</subfield>
    <subfield code="e">STM</subfield>
    <subfield code="o">HG4026.B76(11e)</subfield>
    <subfield code="p">K/2469/2469/19</subfield>
    <subfield code="r">2020-07-13 00:00:00</subfield>
    <subfield code="w">2020-07-13</subfield>
    <subfield code="y">BK</subfield>
  </datafield>
</record>
